| 000 | 004410000a22001810004500 | ||
|---|---|---|---|
| 003 | MACL | ||
| 005 | 20160129144111.0 | ||
| 008 | 160129b xxu||||| |||| 00| 0 eng d | ||
| 040 |
_aMACL _cMACL |
||
| 041 | _aEnglish | ||
| 082 | _a823/CUS | ||
| 100 |
_aCussler, Clive _935382 |
||
| 245 | _aClive Cussler Dirk Piti Revealed | ||
| 260 |
_bPocket Books _c1998 _aU.S.A |
||
| 350 | _a6 | ||
| 650 |
_aFiction _935384 |
||
| 942 |
_cBK _k823/ Cri _2ddc |
||
| 999 |
_c31031 _d31031 |
||